Biodiversity and insect pest management

সংরক্ষণ করুন:
গ্রন্থ-পঞ্জীর বিবরন
প্রধান লেখক: Ignacimuthu, S.
বিন্যাস: গ্রন্থ
ভাষা:Undetermined
প্রকাশিত: New Delhi Narosa Publishing House 2006
বিষয়গুলি:
ট্যাগগুলো: ট্যাগ যুক্ত করুন
কোনো ট্যাগ নেই, প্রথমজন হিসাবে ট্যাগ করুন!
Thư viện lưu trữ: Trung tâm Học liệu Trường Đại học Cần Thơ
LEADER 00638nam a2200205Ia 4500
001 CTU_128545
008 210402s9999 xx 000 0 und d
020 |c 1565000 
082 |a 632.96 
082 |b I.24 
100 |a Ignacimuthu, S. 
245 0 |a Biodiversity and insect pest management 
245 0 |c S. Ignacimuthu, S. Jayaraj 
260 |a New Delhi 
260 |b Narosa Publishing House 
260 |c 2006 
650 |a Biodiversity,Insect pests 
650 |x Côn trùng gây hại,Kiểm soát côn trùng gây hại,biological control 
904 |i Năm 
980 |a Trung tâm Học liệu Trường Đại học Cần Thơ